000
00213 a2200097 4500
001
48476
100
_a
Digest, R
245
_a
Great world atlas
260
_a
London
_b
The readers digest
_c
090
_c
31412
_d
31412
942
_a
NUST-CAE
_c
M
_c
23795
999
_c
283549
_d
283549